Представление документа в формате RUSMARC

ПолеНазваниеЗначение
  Тип записи a
  Библиографический уровень m
001 Контрольный номер RU/REG73/CBS_GRAD/654540428
005 Дата корректировки 20221122154907.9
010 Индекс ISBN __
a ISBN 587374-011-9
101 Язык документа __
a Язык текста rus
200 Заглавие и сведения об ответственности __
a Заглавие Из этнической истории Ульяновской области
e Сведения, относящиеся к заглавию краткие очерки
b Общее обозначение материала Текст
203 Вид содержания и тип средства __
a Вид содержания Текст (визуальный) : непосредственный
210 Выходные данные __
a Место издания Ульяновск
c Издательство Ульяновское областное газетное издательство
d Дата издания 1993
686 Индексы других классификаций __
a Классификационный индекс 63.5
801 Источник записи _0
a Страна RU
b Организация RuCBSGrad
g Правила каталогизации PSBO
801 Источник записи _1
a Страна RU
b Организация RuCBSGrad
g Правила каталогизации PSBO
901 Тип документа __
t Тип документа m
981 __
b i
g e
2 isbdcontent
982 __
b n
2 isbdmedia
993 __
a 17868
b 7462
c Ретро
e 192474
f ЦГДБ
h 0.00
i 192474
m 1
n 44101.578565
o I
x 1
y 1
z 63.5
993 __
a 53815
b 7462
e 187460
f ЦГДБ
h 0.00
i 187460
m 1
n 44278
o I
p 0.00
x 1
y 1
z К 63.5
993 __
a 57246
b 7462
e 192475
f ЦГДБ
h 0.00
i 192475
m 1
n 44278
o I
p 0.00
x 1
y 1
z К 63.5